Handbook of industrial catalysts /

Guardado en:
Autor Principal: Lloyd, Lawrie.
Formato: Libro
Idioma:English
Publicado: New York : Springer, 2011.
Edición:1st.
Series:Fundamental and applied catalysis.
Materias:
Etiquetas: Agregar Etiqueta
Sin Etiquetas, Sea el primero en etiquetar este registro!
LEADER 01004cam a22002897a 4500
001 EIQ.libpla004317
008 110602s2011####nyua#####b####001#0#eng##
005 20121214162241.0
245 1 0 |a Handbook of industrial catalysts /  |c Lawrie Lloyd. 
250 |a 1st. 
260 |a New York :  |b Springer,  |c 2011. 
300 |a xxii, 490 p. :  |b il. (algunas col.) ;  |c 25 cm. 
490 1 |a Fundamental and applied catalysis 
504 |a Incluye referencias bibliográficas e índice. 
020 |a 9780387246826 (hbk. : alk. paper) 
020 |a 0387246827 (hbk. : alk. paper) 
020 |a 9780387499628 (eISBN) 
100 1 |a Lloyd, Lawrie. 
830 0 |a Fundamental and applied catalysis. 
082 0 4 |a 660.2995  |2 22 
650 0 |a Catalysts  |v Handbooks, manuals, etc. 
650 0 |a Catalizadores  |v Handbooks, manuales 
010 |a  2011931088 
016 7 |a 013772530  |2 Uk 
040 |a UKM  |c UKM  |d BTCTA  |d BAKER  |d YDXCP  |d BWX  |d DLC 
050 0 0 |a TP159.C3  |b L58 2007 
859 |a AR-BbSID  |b BIB. PLAPIQUI  |h 660.2995  |i L775  |p 6262